| 000 | 00666nam a22001937a 4500 | ||
|---|---|---|---|
| 999 |
_c20676 _d20676 |
||
| 005 | 20191230104001.0 | ||
| 008 | 191230b xxu||||| |||| 00| 0 spa d | ||
| 040 |
_aCO-BoIAVH _cCO-BoIAVH |
||
| 041 | _aspa | ||
| 044 | _ack | ||
| 082 |
_a333.31 _bC71l |
||
| 110 | _aMinisterio de Agricultura y Desarrollo Rural | ||
| 245 |
_aLey 160 de 1994 _bNueva ley de reforma agraria _cMinisterio de Agricultura y Desarrollo Rural |
||
| 260 |
_aBogotá, _bTaller creativo presidencia, _c1994. |
||
| 300 |
_a59 páginas _c28 x 21.5 cm |
||
| 650 | 0 |
_aReforma agraria _xLegislación _zColombia |
|
| 650 | 0 |
_aDesarrollo rural _z Colombia. |
|
| 942 |
_2ddc _cLIBRO |
||